Obiekty Geograficzne - Europa - Statystyki

Ogólne statystyki
  • Ten quiz został rozwiązany 43 razy
    41 od ostatniego zresetowania
  • Średni wynik to 16 z 26
Odpowiedzi na mapie
Odpowiedzi zakodowano w zielono-czerwonej skali na mapie do tego quizu, zgodnie z poniższymi procentami.
 
Statystyki odpowiedzi
Odpowiedź % Poprawnych
Nizina Polska
84%
Nizina Niemiecka
80%
Pojezierze Fińskie
80%
Wyspa Islandia
80%
Morze Bałtyckie
76%
Morze Północne
76%
Półwysep Iberyjski
76%
Wyspa Irlandia
76%
Wyspa Sardynia
76%
Wyspa Wielka Brytania
76%
Góry Karpaty
72%
Nizina Francuska
72%
Morze Czarne
68%
Półwysep Skandynawski
68%
Góry Alpy
64%
Morze Śródziemne
64%
Pólwysep Apeniński
64%
Półwysep Bałkański
60%
Góry Pireneje
56%
Półwysep Kolski
52%
Nizina Nadkaspijska
44%
Nizina Wschodnioeuropejska
36%
Nizina Wielka Nizina Węgierska
32%
Wyżyna Podolska
32%
Wyżyna Środkoworosyjska
28%
Góry Ural
24%
Nie znaleziono quizów pasujących do podanych kryteriów
Rozkład punktacji
Procent ludzi z każdym wynikiem
Percentyl według liczby udzielonych odpowiedzi
Twoja historia wyników
Nie rozwiązałeś tego quizu od ostatniego zresetowania